[Event "World School-ch U17"]
[Site "Antalya"]
[Date "2019.04.25"]
[Round "8"]
[White "Yakubboev, Nodirbek"]
[Black "Pallie, Tuan Ehshan"]
[Result "1-0"]
[WhiteElo "2577"]
[BlackElo "1629"]
[PlyCount "63"]
[EventDate "2019.04.18"]
[EventType "swiss"]
[EventRounds "9"]
[EventCountry "TUR"]
[SourceTitle "CBM 190 Extra"]
[Source "ChessBase"]
[SourceDate "2019.07.15"]
[SourceVersion "1"]
[SourceVersionDate "2019.07.15"]
[SourceQuality "1"]

1. d4 Nf6 2. c4 g6 3. Nc3 Bg7 4. e4 d6 5. h3 c5 6. d5 0-0 7. Bd3 e6 8. Nf3 Na6 9. 0-0 Nc7 10. Be3 exd5 11. exd5 b5 12. b3 b4 13. Ne2 a5 14. a4 bxa3 15. Rxa3 Na6 16. Nc3 Qb6 17. Qd2 Nb4 18. Bb1 Re8 19. Bh6 Bh8 20. Ng5 Bg7 21. Nce4 Ra7 22. Bxg7 Nxe4 23. Nxe4 Kxg7 24. Qc3+ Kf8 25. Qh8+ Ke7 26. Qf6+ Kd7 27. Qxf7+ Kd8 28. Qf6+ Kd7 29. Qh4 Kc7 30. Qxh7+ Kb8 31. Qxg6 Rd7 32. Qxe8 1-0